Statistics for SNICK shows

Click here to take the quiz!

General Stats

  • This quiz has been taken 32 times
  • The average score is 5 of 15

Answer Stats

HintAnswer% Correct
1994All That
72%
1992Are You Afraid of the Dark?
66%
1992The Red and Stimpy Show
62%
1992Clarissa Explains It All
52%
1997Rugrats
48%
1996Kenan & Kel
45%
1992Roundhouse
41%
1993The Adventures of Pete & Pete
34%
1994The Secret World of Alex Mack
31%
1996KaBlam!
17%
1996The Mystery Files of Shelby Woo
10%
1996Space Cases
7%
1997The Journey of Allen Strange
7%
1998Animorphs
7%
1998Nickelodeon Sports Theater with Shaquille O'Neal
0%

Score Distribution

Percentile by Number Answered

Percent of People with Each Score

Your Score History

You have not taken this quiz